000 00945nam a2200265Ia 4500
003 OSt
005 20220926012434.0
006 a|||||r|||| 00| 0
007 ta
008 220923b |||||||| |||| 00| 0 eng d
020 _a9780231149730
_c1203.8499999999999
037 _b10278, 19/09/2011, Elite Publisher Distributors
_cGeneral Book
040 _aRTL
_cRTL
_beng
041 _2eng
_aeng
082 _aW:17.55.N, Q1
100 _aLangbehn Volker
_9316489
245 0 _aGerman Colonialism
_b Race, the holocaust and postwar Germany
260 _aNew York
_bColumbia University Press
_c2011
300 _axxxi, 327p
_ccm.
500 _aBibliography chapterwise
650 _aEuropean Studies Programme Sociology
_9233384
700 _a Salama Mohammad
_9316490
942 _hW:17.55.N, Q1
_cGB
_2CC
999 _c622987
_d622987